The court and the constitution of India : (Record no. 33634)

MARC details
000 -LEADER
fixed length control field 01397cam a22003254a 4500
005 - DATE AND TIME OF LATEST TRANSACTION
control field 20091130142839.0
008 - FIXED-LENGTH DATA ELEMENTS--GENERAL INFORMATION
fixed length control field 090728s2008 ii b 001 0 eng
010 ## - LCCN (DPL NO)
LC control number ENG-95838
020 ## - INTERNATIONAL STANDARD BOOK NUMBER
International Standard Book Number 9780198066286
Terms of availability 395.00
020 ## - INTERNATIONAL STANDARD BOOK NUMBER
International Standard Book Number 0198066287
Terms of availability 395.00
035 ## - SYSTEM CONTROL NUMBER
System control number EN-79371
037 ## - SOURCE OF ACQUISITION
Source of stock number/acquisition DBAD/PUB
040 ## - CATALOGING SOURCE
Original cataloging agency DPL
Language of cataloging eng
082 ## - DEWEY DECIMAL CLASSIFICATION NUMBER
Classification number 342.54
100 ## - MAIN ENTRY--PERSONAL NAME
Personal name Reddy,O.Chinnappa
245 ## - TITLE STATEMENT
Title The court and the constitution of India :
Remainder of title summits and shallows /
Statement of responsibility, etc by O. Chinnappa Reddy ; foreworded by Upendra Baxi ; introduction by A.S. Anand.
260 ## - PUBLICATION, DISTRIBUTION, ETC. (IMPRINT)
Place of publication, distribution, etc New Delhi
Name of publisher, distributor, etc Oxford University Press
Date of publication, distribution, etc 2010
270 ## - ADDRESS
Address YMCA Library Building,Jai Singh Road
City New Delhi
Postal code 110001
300 ## - PHYSICAL DESCRIPTION
Extent li, 337 p.
Dimensions 23 cm.(pbk)
500 ## - GENERAL NOTE
General note Includes indexes
520 ## - SUMMARY, ETC.
Summary, etc On the role of the Supreme Court of India in interpreting the main themes of the constitution and in formulating contemporary public law in the country.
610 ## - SUBJECT ADDED ENTRY--CORPORATE NAME
Corporate name or jurisdiction name as entry element India.
Subordinate unit Supreme Court.
610 ## - SUBJECT ADDED ENTRY--CORPORATE NAME
Corporate name or jurisdiction name as entry element India.
Title of a work Constitution.
650 ## - SUBJECT ADDED ENTRY--TOPICAL TERM
Topical term or geographic name as entry element Judicial power
Geographic subdivision India.
650 ## - SUBJECT ADDED ENTRY--TOPICAL TERM
Topical term or geographic name as entry element Courts
Geographic subdivision India.
650 ## - SUBJECT ADDED ENTRY--TOPICAL TERM
Topical term or geographic name as entry element Justice, Administration of
Geographic subdivision India.
942 ## - ADDED ENTRY ELEMENTS (KOHA)
Source of classification or shelving scheme Dewey Decimal Classification
Item type English Books
Call number suffix RED
Classification part 342.54
Holdings
Withdrawn status Lost status Source of classification or shelving scheme Damaged status Not for loan Collection code Home library Current library Date acquired Source of acquisition Cost, normal purchase price Total Checkouts Full call number Barcode Date last seen Copy number Cost, replacement price Koha item type
    Dewey Decimal Classification   Not For Loan Non-fiction D.B.Act.Division D.B.Act.Division 16/01/2010 DBAD/PUB 395.00   342.54 RED EN-79371 16/01/2010 1 395.00 English Books

© Delhi Public Library
Hit Counter
free hit counter